| 000 | 00785nam a2200217 i 4500 | ||
|---|---|---|---|
| 003 | EG-ScBUE | ||
| 005 | 20230604114058.0 | ||
| 008 | 100811s1990 ua f b 000 0 ara d | ||
| 020 | _a9770123632 | ||
| 040 |
_aEG-ScBUE _bara _erda _cEG-ScBUE _dEG-ScBUE |
||
| 082 | 0 | 4 |
_222 _bد و ا _a725.822 |
| 100 | 1 |
_917463 _aدوارة، فؤاد، _d1928-1996، _eمؤلف. |
|
| 245 | 1 | 2 |
_aالمسرح المصري 1988 / _cفؤاد دوارة. |
| 264 | 1 |
_aالفاهرة : _bالهيئة المصرية العامة للكتاب، _c1990. |
|
| 300 |
_a450 صفحة ؛ _c24 سم |
||
| 500 | _aيشتمل على ملاحق. | ||
| 504 | _aيشتمل على إرجاعات ببليوجرافية. | ||
| 650 | 7 |
_917468 _aالمسارح _zمصر. _2BUEsh |
|
| 655 | _vReading book | ||
| 942 |
_2ddc _cBB |
||
| 999 |
_c14655 _d14655 |
||